| 000 | 00419nam a2200109Ia 4500 | ||
|---|---|---|---|
| 008 | 160909s9999 xx 000 0 und d | ||
| 100 | _aBernard, Valerie L. | ||
| 245 | 4 | _aThe relationship between individual cognitive, behavior, and motivational characteristics and sales job performance | |
| 260 |
_bCapella University _c2016 |
||
| 650 | _aPSYCHOLOGY | ||
| 856 | _uhttp://pqdtopen.proquest.com/doc/1762741066.html?FMT=ABS | ||
| 999 |
_c304050 _d304050 |
||